PPPs to deliver NHS plan (Record no. 70079)
[ view plain ]
| 000 -LEADER | |
|---|---|
| fixed length control field | 01123cam a2200229 4500 |
| 001 - CONTROL NUMBER | |
| control field | WB3815-14 |
| 008 - FIXED-LENGTH DATA ELEMENTS--GENERAL INFORMATION | |
| fixed length control field | 020425n2002 000 0 eng u |
| 035 ## - SYSTEM CONTROL NUMBER | |
| System control number | (Sirsi) u117682 |
| 245 ## - TITLE STATEMENT | |
| Title | PPPs to deliver NHS plan |
| 260 ## - PUBLICATION, DISTRIBUTION, ETC. | |
| Date of publication, distribution, etc. | 2002 |
| 490 ## - SERIES STATEMENT | |
| Series statement | DoH Press Release |
| Volume/sequential designation | (2002/0192) 18 April 2002 (4) |
| 520 ## - SUMMARY, ETC. | |
| Summary, etc. | Government plans massive expansion in the use of Public Private Partnerships in order to deliver reform of the NHS. The NHS report "Delivering the NHS plan" outlines how the changes planned will be implemented. The report states that by 2008, with increased funding the NHS expects to have opened 42 additional hospital schemes mostly through PFI and 13 major schemes under construction. http://www.doh.gov.uk/deliveringthenhsplan/index.htm The NHS report can be downloaded http://www.doh.gov.uk/nhsplan/contentspdf.htm |
| 590 ## - LOCAL NOTE (RLIN) | |
| Local note | WB |
| 650 ## - SUBJECT ADDED ENTRY--TOPICAL TERM | |
| Topical term or geographic name entry element | PUBLIC PRIVATE PARTNERSHIPS |
| 650 ## - SUBJECT ADDED ENTRY--TOPICAL TERM | |
| Topical term or geographic name entry element | PRIVATE FINANCE INITIATIVES |
| 650 ## - SUBJECT ADDED ENTRY--TOPICAL TERM | |
| Topical term or geographic name entry element | NHS |
| 650 ## - SUBJECT ADDED ENTRY--TOPICAL TERM | |
| Topical term or geographic name entry element | REFORM |
| 650 ## - SUBJECT ADDED ENTRY--TOPICAL TERM | |
| Topical term or geographic name entry element | HOSPITALS |
| 650 ## - SUBJECT ADDED ENTRY--TOPICAL TERM | |
| Topical term or geographic name entry element | BUILT ENVIRONMENT |
| 690 ## - LOCAL SUBJECT ADDED ENTRY--TOPICAL TERM (OCLC, RLIN) | |
| Topical term or geographic name as entry element | MANAGEMENT-BUSINESS MANAGEMENT-FINANCIAL MANAGEMENT |
| 942 ## - ADDED ENTRY ELEMENTS (KOHA) | |
| Suppress in OPAC | 0 |
| Withdrawn status | Lost status | Source of classification or shelving scheme | Damaged status | Not for loan | Home library | Current library | Shelving location | Date acquired | Total Checkouts | Full call number | Barcode | Date last seen | Copy number | Price effective from | Koha item type |
|---|---|---|---|---|---|---|---|---|---|---|---|---|---|---|---|
| Dewey Decimal Classification | London | London | News article | 25/04/2002 | WB3815-14 | 117682-1001 | 06/08/2019 | 1 | 06/08/2019 | News article |